| 000 | 00615nam a22001457a 4500 | ||
|---|---|---|---|
| 999 |
_c61205 _d61205 |
||
| 005 | 20240108121010.0 | ||
| 008 | 240108s1957 ru ||||| |||| 00| 0 rus d | ||
| 041 | _arus | ||
| 080 | _a821.124-17 P-51 | ||
| 245 |
_aРимская сатира / _bГораций Персий Сенека Петроний Ювена Сульпиция Аноним. |
||
| 264 |
_aМосква : _bГосударственное издательство Художественной литературы, _c1957. |
||
| 300 |
_a320 см.; _b27 см. |
||
| 653 | _aრომაული სატირა | ||
| 942 |
_2udc _cᲬᲘᲒᲜᲘ |
||